Hoa viên kỳ ngộ
Đã lưu trong:
| Định dạng: | Sách |
|---|---|
| Ngôn ngữ: | Undetermined |
| Được phát hành: |
H.
Văn học
1998
|
| Những chủ đề: | |
| Các nhãn: |
Thêm thẻ
Không có thẻ, Là người đầu tiên thẻ bản ghi này!
|
| Thư viện lưu trữ: | Trung tâm Học liệu Trường Đại học Cần Thơ |
|---|
| LEADER | 00435nam a2200169Ia 4500 | ||
|---|---|---|---|
| 001 | CTU_53074 | ||
| 008 | 210402s9999 xx 000 0 und d | ||
| 020 | |b 14000 | ||
| 082 | |a 895.11 | ||
| 082 | |b H401 | ||
| 245 | 0 | |a Hoa viên kỳ ngộ | |
| 245 | 0 | |c Dịch giả Phan Văn Các | |
| 260 | |a H. | ||
| 260 | |b Văn học | ||
| 260 | |c 1998 | ||
| 650 | |a chinese poetry | ||
| 980 | |a Trung tâm Học liệu Trường Đại học Cần Thơ | ||